Abeceda - chytré karty
| Hlavní autor: | Pomazalová, Alexandra |
|---|---|
| Jazyk: | Slovenština Čeština Angličtina |
| Vydáno: |
Drnovice : Chytrá Lola, 2012 |
| Vydání: | Vyd. 1. |
| Edice: |
Chytré karty
|
| Témata: | |
| Fyzický popis: |
[25] obrazových karet : barev. ; 15 x 15 cm |
| Language note: |
Souběžný slovenský text |
| LEADER | 01349nkm a2200397 a 4500 | ||
|---|---|---|---|
| 001 | 001261023 | ||
| 003 | CZ BrMZK | ||
| 005 | 20121121081415.0 | ||
| 007 | kf co | ||
| 008 | 121026s2012 xr nnn e kncze | ||
| 020 | |a 978-80-87726-14-3 |q (volné listy) | ||
| 040 | |a BOA001 |b cze | ||
| 041 | 0 | |a cze |a eng |a slo | |
| 072 | 7 | |a 811.111 |x Angličtina |2 Konspekt |9 11 | |
| 080 | |a 811.111 |2 MRF | ||
| 080 | |a 81'373 |2 MRF | ||
| 080 | |a (072) |2 MRF | ||
| 100 | 1 | |a Pomazalová, Alexandra |7 jo2012722825 |4 aut | |
| 245 | 1 | 0 | |a Abeceda - chytré karty |h [grafika] / |c Alexandra Pomazalová |
| 246 | 1 | |i Název v tiráži: |a Angličtina - abeceda | |
| 246 | 3 | |a Chytré karty - abeceda | |
| 246 | 3 | |a Chytré karty - Angličtina - abeceda | |
| 250 | |a Vyd. 1. | ||
| 260 | |a Drnovice : |b Chytrá Lola, |c 2012 | ||
| 300 | |a [25] obrazových karet : |b barev. ; |c 15 x 15 cm | ||
| 490 | 1 | |a Chytré karty | |
| 500 | |a V tiráži chybně nakladatelství Chytré karty | ||
| 546 | |a Souběžný slovenský text | ||
| 650 | 0 | 7 | |a angličtina |7 ph114056 |2 czenas |
| 650 | 0 | 7 | |a slovní zásoba |7 ph166083 |2 czenas |
| 655 | 7 | |a učební pomůcky |7 fd133775 |2 czenas | |
| 830 | 0 | |a Chytré karty | |
| 910 | 2 | |a BOA001 |b S-1291.807 | |
| 990 | |a GP | ||
| 991 | |b 201211 |c NOV |e n | ||
| 996 | 6 | |b 2610527259 |c S-1291.807 |l MZK |r Sklad / do 24 hodin |n 0 |p p.v. |w 001296429 |u 000010 |a 1 |e BOA001 |j MZK50 |s P | |
English
Čeština 